Korban romantik / (Record no. 61781)

MARC details
000 -LEADER
fixed length control field 00696cam a22002411 4500
001 - CONTROL NUMBER
control field sa 65000850
003 - CONTROL NUMBER IDENTIFIER
control field DLC
005 - DATE AND TIME OF LATEST TRANSACTION
control field 20260227112106.0
008 - FIXED-LENGTH DATA ELEMENTS--GENERAL INFORMATION
fixed length control field 790706s1963 io a 000 1 ind
010 ## - LIBRARY OF CONGRESS CONTROL NUMBER
LC control number sa 65000850
025 ## - OVERSEAS ACQUISITION NUMBER
Overseas acquisition number PL480:Indo-1054
035 ## - SYSTEM CONTROL NUMBER
System control number (OCoLC)5145959
040 ## - CATALOGING SOURCE
Original cataloging agency DLC
Transcribing agency IDeKN
Modifying agency WU
-- DLC
042 ## - AUTHENTICATION CODE
Authentication code premarc
050 00 - LIBRARY OF CONGRESS CALL NUMBER
Classification number PL5089.S8
Item number K6
100 1# - MAIN ENTRY--PERSONAL NAME
Personal name Sutiasumarga, Rusman,
Dates associated with a name 1917-
245 10 - TITLE STATEMENT
Title Korban romantik /
Statement of responsibility, etc. tjerpen Rusman Sutiasumarga.
260 ## - PUBLICATION, DISTRIBUTION, ETC.
Place of publication, distribution, etc. Djakarta :
Name of publisher, distributor, etc. Balai Pustaka,
Date of publication, distribution, etc. 1963.
300 ## - PHYSICAL DESCRIPTION
Extent 16 p. :
Other physical details ill. ;
Dimensions 18 cm.
490 1# - SERIES STATEMENT
Series statement Seri sastera moderen
650 #0 - SUBJECT ADDED ENTRY--TOPICAL TERM
Topical term or geographic name entry element Short stories, Indonesian.
810 2# - SERIES ADDED ENTRY--CORPORATE NAME
Corporate name or jurisdiction name as entry element Balai Pustaka, PN.
Title of a work Seri sastera moderen

No items available.

Powered by Koha